The economic history of Britain since 1700 (Record no. 131857)
[ view plain ]
| 000 -LEADER | |
|---|---|
| fixed length control field | 00444nam a22001457a 4500 |
| 008 - FIXED-LENGTH DATA ELEMENTS--GENERAL INFORMATION | |
| fixed length control field | 240408b |||||||| |||| 00| 0 eng d |
| 020 ## - INTERNATIONAL STANDARD BOOK NUMBER | |
| International Standard Book Number | 0521231663. |
| 050 ## - LIBRARY OF CONGRESS CALL NUMBER | |
| Classification number | HC255 |
| 100 ## - MAIN ENTRY--PERSONAL NAME | |
| Personal name | Floud. Roderick |
| 9 (RLIN) | 43594 |
| 245 ## - TITLE STATEMENT | |
| Title | The economic history of Britain since 1700 |
| 260 ## - PUBLICATION, DISTRIBUTION, ETC. (IMPRINT) | |
| Place of publication, distribution, etc | New York: |
| Name of publisher, distributor, etc | Cambridge Universty Press, |
| Date of publication, distribution, etc | 1981. |
| 300 ## - PHYSICAL DESCRIPTION | |
| Extent | xv; |
| Other physical details | 323p, |
| Dimensions | 23cm. |
| 650 ## - SUBJECT ADDED ENTRY--TOPICAL TERM | |
| Topical term or geographic name as entry element | Great Britain; |
| Form subdivision | economic conditions. |
| 9 (RLIN) | 52626 |
| 942 ## - ADDED ENTRY ELEMENTS (KOHA) | |
| Source of classification or shelving scheme | Library of Congress Classification |
| Item type | Monograph ( Printed materials) |
| Withdrawn status | Lost status | Source of classification or shelving scheme | Damaged status | Not for loan | Home library | Current library | Shelving location | Date acquired | Total Checkouts | Full call number | Barcode | Date last seen | Price effective from | Koha item type |
|---|---|---|---|---|---|---|---|---|---|---|---|---|---|---|
| Library of Congress Classification | ARRUPE LIBRARY | ARRUPE LIBRARY | Main Collection | 08/04/2024 | HC255 | 46700000162 | 08/04/2024 | 08/04/2024 | Monograph ( Printed materials) |